=LDR 00000nam 2200000 4500 =001 INLIS000000000035877 =005 20130612141712 =008 ***********************************ind** =035 ##$$0010-061300000035877 =041 ##$$a ind =082 ##$$a 372.6 =090 ##$$a 372.6, Jun i =100 ##$$a Junaidi =245 ##$$a Let's Start English 1A, Junaidi, SS =260 ##$$a 1994 $b Jakarta =300 ##$$a 96 hlm, ilus, 21 cm =650 ##$$a Bahasa inggris =850 ##$$a NBPNMAT